000 00839nmm a2200265 a 4500
001 ocm000891445
003 TR-IsHL
005 20201028144558.0
008 141121s2012 tu tur
007 cr cn
020 _a9786055394233
035 _a891445
_b(N$T)
050 0 4 _aPL248.K393
_bS47 2012
090 0 4 _aPL248.K393
_bS47 2012
100 1 _aKaya, Hümeyra
245 1 0 _aSera Hatun: -sürgün prenses-
_h[electronic resource] /
_cHümeyra Kaya
260 _aİstanbul :
_bYediveren Yayınları,
_c2012
300 _a231 p.
650 4 _aDil ve Edebiyat
650 4 _aLanguage and Literature
650 0 _aTürk romanı
650 0 _aTurkish fiction
650 7 _aLITERARY COLLECTIONS / Middle Eastern
_2bisacsh
856 4 0 _uhttp://search.ebscohost.com/login.aspx?direct=true&scope=site&db=e011xww&AN=891445
999 _c9498
_d9498